| 000 | 01066naa a22002897a 4500 | ||
|---|---|---|---|
| 001 | BR8203702 | ||
| 003 | BR-BrBNA | ||
| 005 | 20240918175122.0 | ||
| 007 | ta | ||
| 008 | 230509b bl.||||| |||| 00| 0 por d | ||
| 040 |
_aBR-BrBNA _bpor _cBiblioteca Nacional de Agricultura |
||
| 041 | _a(Pt) | ||
| 072 |
_aD10; F00 _b1900 _b3575 _bG514 |
||
| 090 | _aD10 BR8203702 | ||
| 100 | 1 | _aSilva, P.R. | |
| 111 | 1 |
_a2. Simposio Nacional sobre Sementes de Forrageiras _cNova Odessa, SP (Brazil) _d22 Apr 1982 |
|
| 245 | 1 | _aA empresa produtora de sementes de forrageiras no Brasil | |
| 260 | 3 |
_aSao Paulo, SP (Brasil): _c1982. |
|
| 500 | _aAnais do 2. Simposio Nacional sobre Sementes de Forrageiras Sao Paulo, SP (Brasil): 1982. p. 37-38 (BR8203702-AM)D10 | ||
| 650 | _aADMINISTRACAO | ||
| 650 | _aPLANTA FORRAGEIRA | ||
| 650 | _aSEMENTE | ||
| 650 | _aEMPRESA AGRICOLA | ||
| 773 | 0 |
_tAnais do 2. Simposio Nacional sobre Sementes de Forrageiras _wD10 BR8203702 _gSao Paulo, SP (Brasil), 1982. p. 37-38 |
|
| 909 |
_a202404 _bLucia _c55 _dLucia Elande |
||
| 942 |
_cAM _2AGRIS |
||
| 999 |
_c315115 _d315115 |
||